000 00380nam a2200157Ia 4500
008 210210b1989 xxu||||| |||| 00| 0 eng d
020 _a81 222 0003 6
082 _a428.1 RAIH
100 _aRAI (Ajay).
245 _aHow to increase your word power.
260 _aND
_bOrient Paperbacks
_c1989
300 _a200
650 _awords
690 _aEnglish Usage
906 _a042828
999 _c92695
_d92695